EJ12 girl hero: jump start (Record no. 9106)

MARC details
000 -LEADER
fixed length control field 00914nam a22002177a 4500
003 - CONTROL NUMBER IDENTIFIER
control field OSt
005 - DATE AND TIME OF LATEST TRANSACTION
control field 20260313033630.0
008 - FIXED-LENGTH DATA ELEMENTS--GENERAL INFORMATION
fixed length control field 260313b |||||||| |||| 00| 0 eng d
020 ## - INTERNATIONAL STANDARD BOOK NUMBER
International Standard Book Number 978-981-07-4556-1
040 ## - CATALOGING SOURCE
Original cataloging agency DWCL GS lib
Transcribing agency OC
082 ## - DEWEY DECIMAL CLASSIFICATION NUMBER
Classification number M479e 2010
100 ## - MAIN ENTRY--PERSONAL NAME
Personal name MCFARLANE, SUSANNAH
245 ## - TITLE STATEMENT
Title EJ12 girl hero: jump start
Statement of responsibility, etc. SUSANNAH MCFARLANE
260 ## - PUBLICATION, DISTRIBUTION, ETC.
Place of publication, distribution, etc. New York
Name of publisher, distributor, etc. Scholastic,
Date of publication, distribution, etc. 2010
300 ## - PHYSICAL DESCRIPTION
Extent 123 p
Dimensions 20 cm
520 ## - SUMMARY, ETC.
Summary, etc. 10-year-old spy Emma Jacks (EJ12) must conquer her fear of high jumps in a gymnastics competition while simultaneously stopping the evil agency SHADOW from destroying a rainforest habitat.
650 ## - SUBJECT ADDED ENTRY--TOPICAL TERM
Topical term or geographic name entry element who acts as a secret agent for the organization SHINE.
650 ## - SUBJECT ADDED ENTRY--TOPICAL TERM
Topical term or geographic name entry element with confidence, determination, and bravery, one can overcome personal fears and self-doubt, both in "secret" life and everyday challenges.
700 ## - ADDED ENTRY--PERSONAL NAME
Personal name SUSANNAH MCFARLANE
942 ## - ADDED ENTRY ELEMENTS (KOHA)
Source of classification or shelving scheme Dewey Decimal Classification
Koha item type Fiction
Suppress in OPAC No

No items available.